All Mortar Monkey Upgrades - Bloons TD 6 - Statistics

General Stats
  • This quiz has been taken 6 times
  • The average score is 13 of 15
Answer Stats
Upgrade % Correct
Blooncineration
100%
Faster Reload
100%
Heavy Shells
100%
Increased Accuracy
100%
Pop and Awe
100%
Signal Flare
100%
The Biggest One
100%
Artillery Battery
83%
Burny Stuff
83%
Shattering Shells
83%
The Big One
83%
Bigger Blast
67%
Bloon Buster
67%
Rapid Reload
67%
Shell Shock
50%
No matching quizzes found
Score Distribution
Percent of People with Each Score
Percentile by Number Answered
Your Score History
You have not taken this quiz